Block copolymers(Journal of Polymer Science. Pt C. Polymer Symposia. 26) (Record no. 25631)

MARC details
000 -LEADER
fixed length control field 00316nam a2200109Ia 4500
082 ## - DEWEY DECIMAL CLASSIFICATION NUMBER
Classification number 678COP
Item number MOA
245 #0 - TITLE STATEMENT
Title Block copolymers(Journal of Polymer Science. Pt C. Polymer Symposia. 26)
260 ## - PUBLICATION, DISTRIBUTION, ETC. (IMPRINT)
Place of publication New York
Name of publisher John Wiley
Year of publication 1969
700 ## - ADDED ENTRY--PERSONAL NAME
Personal name Nia Canin, J
942 ## - ADDED ENTRY ELEMENTS (KOHA)
Koha item type Books
Holdings
Withdrawn status Lost status Damaged status Not for loan Home library Current library Date acquired Cost, normal purchase price Full call number Accession Number Koha item type
        RRII Library RRII Library 16/12/2021 9.25 678COP MOA 06285 Books